[Event "Bornholm WIM 2013"]
[Site "Ronne"]
[Date "2013.07.05"]
[Round "6"]
[White "Guindy, Esmat"]
[Black "Bhatia, Kanwal K"]
[Result "1/2-1/2"]
[WhiteElo "2051"]
[BlackElo "2034"]
[PlyCount "72"]
[EventDate "2013.??.??"]

1. d4 Nf6 2. c4 c5 3. d5 b5 4. cxb5 a6 5. bxa6 g6 6. g3 Bg7 7. Bg2 d6 8. Nc3
Bxa6 9. Nf3 Nbd7 10. O-O Nb6 11. Rb1 Bc4 12. Ne1 Bxa2 13. Nxa2 Rxa2 14. Qb3 Ra8
15. Qb5+ Nfd7 16. b4 c4 17. Bh3 c3 18. Be3 O-O 19. Nc2 Rb8 20. Nd4 Ne5 21. Nc6
Nbc4 22. Nxb8 Qxb8 23. Qxb8 Rxb8 24. Bd4 Nf3+ 25. exf3 Bxd4 26. Rbc1 Nd2 27.
Rfd1 Nxf3+ 28. Kg2 Nd2 29. Rc2 Rxb4 30. Rcxd2 cxd2 31. Rxd2 Kg7 32. Bd7 Kf6 33.
Re2 Bc5 34. f4 Rb3 35. g4 h6 36. h4 Re3 1/2-1/2

[Event "Bornholm WIM 2013"]
[Site "Ronne"]
[Date "2013.07.05"]
[Round "6"]
[White "Krasenkova, Ilena"]
[Black "Vovk, Oksana"]
[Result "1-0"]
[WhiteElo "2115"]
[BlackElo "2133"]
[PlyCount "139"]
[EventDate "2013.??.??"]

1. d4 Nf6 2. c4 e6 3. g3 Bb4+ 4. Bd2 Qe7 5. Bg2 Nc6 6. e3 Bxd2+ 7. Qxd2 O-O 8.
Nc3 d6 9. Nge2 e5 10. d5 Nb8 11. h3 a5 12. O-O Nbd7 13. Na4 b6 14. a3 Nc5 15.
Nxc5 bxc5 16. b4 axb4 17. axb4 Rxa1 18. Rxa1 cxb4 19. Qxb4 Nd7 20. Ra7 Nc5 21.
Qa5 Bb7 22. Nc3 Qd7 23. Ne4 Nxe4 24. Bxe4 Qc8 25. Qb5 Ba8 26. Bg2 f5 27. c5
dxc5 28. Qxc5 Bb7 29. Qb5 Ba8 30. Qc4 Kh8 31. Qxc7 Qxc7 32. Rxc7 Kg8 33. d6
Bxg2 34. Kxg2 Rd8 35. Rc5 Rxd6 36. Rxe5 Rf6 37. Re7 Kf8 38. Ra7 h6 39. g4 Kg8
40. Kg3 Kh7 41. gxf5 Rxf5 42. f4 Kg6 43. e4 Rb5 44. f5+ Kf6 45. Ra6+ Kf7 46.
Kf4 Rc5 47. Ra7+ Kf8 48. h4 Rb5 49. h5 Rc5 50. Rd7 Ra5 51. Rd5 Ra1 52. Ke5 Rh1
53. Ke6 Kg8 54. f6 gxf6 55. Kxf6 Re1 56. e5 Rf1+ 57. Kg6 Rg1+ 58. Kxh6 Kf7 59.
Rd6 Re1 60. Rf6+ Ke7 61. Rf5 Ke6 62. Rg5 Kf7 63. Kh7 Re2 64. h6 Re1 65. Rf5+
Ke6 66. Kg6 Rh1 67. Rh5 Rg1+ 68. Rg5 Rh1 69. h7 Ke7 70. Kg7 1-0

[Event "Bornholm WIM 2013"]
[Site "Ronne"]
[Date "2013.07.05"]
[Round "6"]
[White "Padurariu, Ioana Smaranda"]
[Black "Wisniowska, Klaudia"]
[Result "1-0"]
[WhiteElo "2208"]
[BlackElo "2178"]
[PlyCount "141"]
[EventDate "2013.??.??"]

1. e4 c5 2. Nf3 d6 3. d4 cxd4 4. Nxd4 Nf6 5. Nc3 Nc6 6. Bg5 e6 7. Qd2 a6 8.
O-O-O Bd7 9. f3 Be7 10. h4 h6 11. Be3 h5 12. Bg5 Qc7 13. Kb1 Ne5 14. Bd3 b5 15.
Nce2 Nc4 16. Bxc4 bxc4 17. Ka1 Rb8 18. Be3 Qb7 19. Rb1 e5 20. Nf5 Bxf5 21. exf5
d5 22. c3 Qd7 23. Bg5 Rb5 24. Bxf6 Bxf6 25. g4 Ra5 26. Rbe1 Be7 27. Nc1 f6 28.
f4 e4 29. Qg2 Bd6 30. Ref1 Kd8 31. gxh5 Rxh5 32. Qg4 Rh6 33. Rfg1 Bf8 34. h5
Kc8 35. Rg2 Qa4 36. Qe2 Qd7 37. Qg4 Qa4 38. Rgh2 Qd7 39. Rg1 Qa4 40. Rd1 Qc6
41. Qg1 Qb7 42. Qg2 Bd6 43. Qd2 Qb8 44. Rh4 Qb7 45. Qc2 Qb6 46. b4 cxb3 47.
Nxb3 Ra4 48. Rxd5 e3 49. Nc1 Rxf4 50. Rxf4 Bxf4 51. Qe4 Be5 52. Qc4+ Bc7 53.
Qe2 Rh8 54. Rd3 Re8 55. Nb3 Re4 56. Qf3 Qb7 57. Rxe3 Rxe3 58. Qxe3 Qh1+ 59. Kb2
Qxh5 60. Qe6+ Kb8 61. Qg8+ Ka7 62. Nd4 Qh2+ 63. Kb3 Qg2 64. Qc4 Qb7+ 65. Ka4
Qb6 66. Qd5 a5 67. Nb5+ Kb8 68. Qg8+ Kb7 69. Qxg7 Qc6 70. Qxc7+ Qxc7 71. Nxc7
1-0

[Event "Bornholm WIM 2013"]
[Site "Ronne"]
[Date "2013.07.06"]
[Round "7"]
[White "Wisniowska, Klaudia"]
[Black "Demidowicz, Maria"]
[Result "0-1"]
[WhiteElo "2178"]
[BlackElo "2096"]
[PlyCount "114"]
[EventDate "2013.??.??"]

1. e4 e5 2. Nf3 Nc6 3. Bb5 a6 4. Ba4 Nf6 5. O-O b5 6. Bb3 Be7 7. Re1 O-O 8. h3
Bb7 9. d3 d6 10. a3 Na5 11. Ba2 c5 12. Nbd2 Qc7 13. c3 Nc6 14. Nf1 Bc8 15. d4
c4 16. Ng3 Re8 17. Bg5 h6 18. Be3 Bf8 19. d5 Na5 20. Nh4 Kh7 21. Nf3 Nb7 22.
Bb1 Nc5 23. Bc2 a5 24. Nh2 g6 25. Kh1 Bg7 26. f3 Ng8 27. f4 exf4 28. Bxf4 Nd7
29. Nf3 Ne5 30. Nd4 Bd7 31. Rf1 Rf8 32. Qd2 Rab8 33. Be3 Qd8 34. Nge2 Qe7 35.
Bf4 Nf6 36. Nf3 Nh5 37. Bh2 Nxf3 38. Rxf3 Be5 39. Bxe5 Qxe5 40. Raf1 f6 41. Qe3
Rb7 42. Qf2 b4 43. axb4 axb4 44. g4 Ng7 45. Nd4 Ne8 46. Re3 bxc3 47. bxc3 Rb2
48. Qe2 Nc7 49. Nf3 Qe7 50. e5 Nxd5 51. Nh4 Nxe3 52. Bxg6+ Kg8 53. Qxe3 Qxe5
54. Qg1 Bc6+ 55. Nf3 Qxc3 56. Qg3 Ra8 57. Qf4 Bxf3+ 0-1

[Event "Bornholm WIM 2013"]
[Site "Ronne"]
[Date "2013.07.06"]
[Round "7"]
[White "Vovk, Oksana"]
[Black "Padurariu, Ioana Smaranda"]
[Result "1/2-1/2"]
[WhiteElo "2133"]
[BlackElo "2208"]
[PlyCount "40"]
[EventDate "2013.??.??"]

1. d4 Nf6 2. c4 e6 3. Nf3 c5 4. d5 d6 5. Nc3 exd5 6. cxd5 g6 7. Bf4 a6 8. a4
Bg7 9. h3 O-O 10. e3 Ne8 11. Be2 Nd7 12. O-O Qe7 13. Qb3 Rb8 14. Nd2 f5 15. Nc4
b6 16. Rad1 Kh8 17. Rfe1 Rb7 18. Nd2 Rb8 19. Nc4 Rb7 20. Nd2 Rb8 1/2-1/2

[Event "Bornholm WIM 2013"]
[Site "Ronne"]
[Date "2013.07.06"]
[Round "7"]
[White "Bhatia, Kanwal K"]
[Black "Krasenkova, Ilena"]
[Result "0-1"]
[WhiteElo "2034"]
[BlackElo "2115"]
[PlyCount "112"]
[EventDate "2013.??.??"]

1. e4 g6 2. d4 Bg7 3. Nc3 c6 4. f4 d6 5. Nf3 Bg4 6. Be2 Qb6 7. Na4 Qa5+ 8. c3
b5 9. e5 bxa4 10. h3 Bd7 11. O-O Nh6 12. g4 f5 13. g5 Nf7 14. Re1 e6 15. Bc4 d5
16. Be2 Na6 17. Qd3 Nc7 18. Be3 Bc8 19. b4 Qb6 20. Qc2 Ba6 21. Bd1 Bb5 22. h4
a5 23. a3 Bf8 24. h5 Na6 25. Nh4 Rg8 26. Qd2 Be7 27. Rb1 axb4 28. cxb4 Nc7 29.
Qh2 Kd7 30. Rc1 Qa6 31. Nf3 Bc4 32. Nd2 Bb5 33. h6 Qb7 34. Nb1 Na6 35. Qb2 Bc4
36. Nc3 Rgb8 37. Nxa4 Nxb4 38. axb4 Qxb4 39. Qxb4 Bxb4 40. Nc5+ Ke7 41. Be2
Bxe1 42. Rxe1 Bxe2 43. Rxe2 Ra3 44. Kf2 Rb1 45. Bd2 Nd8 46. Re1 Rxe1 47. Bxe1
Ra2+ 48. Ke3 Rb2 49. Bc3 Rb1 50. Na6 Nb7 51. Bb4+ Kd7 52. Ke2 Ra1 53. Nc5+ Nxc5
54. Bxc5 Kc7 55. Kd3 Kb7 56. Bb4 Ka6 0-1

[Event "Bornholm WIM 2013"]
[Site "Ronne"]
[Date "2013.07.06"]
[Round "7"]
[White "Toth, Lili"]
[Black "Guindy, Esmat"]
[Result "0-1"]
[WhiteElo "2161"]
[BlackElo "2051"]
[PlyCount "86"]
[EventDate "2013.??.??"]

1. d4 d5 2. Nf3 Bf5 3. c4 e6 4. Qb3 Nc6 5. Bd2 dxc4 6. Qxb7 Nge7 7. Bc3 Rb8 8.
Qa6 Rb6 9. Qxc4 Nd5 10. a3 Bxb1 11. Rxb1 Bxa3 12. Ra1 Nxc3 13. bxc3 Bb2 14. Ra2
Qd5 15. Qxd5 Bxc3+ 16. Kd1 exd5 17. e3 Ke7 18. Ne5 Nxe5 19. dxe5 Rhb8 20. f4 a5
21. Kc2 Rb2+ 22. Rxb2 Bxb2 23. e4 dxe4 24. Bc4 Rb4 25. Bd5 a4 26. Re1 a3 27.
Re3 f5 28. Rg3 g6 29. Rh3 h5 30. Rg3 Rb6 31. h3 Bd4 32. Rxa3 Rb2+ 33. Kd1 Rxg2
34. Ra2 Rg1+ 35. Ke2 Rg2+ 36. Kd1 Rxa2 37. Bxa2 Be3 38. Ke2 Bxf4 39. e6 g5 40.
Kf2 Bd6 41. Bd5 Kf6 42. Kg2 Ke5 43. Bb3 f4 0-1

[Event "Bornholm WIM 2013"]
[Site "Ronne"]
[Date "2013.07.06"]
[Round "7"]
[White "De Blecourt Dalsberg, Sandra"]
[Black "Gasik, Anna"]
[Result "0-1"]
[WhiteElo "2078"]
[BlackElo "2204"]
[PlyCount "74"]
[EventDate "2013.??.??"]

1. d4 f5 2. g3 Nf6 3. Bg2 g6 4. Nh3 Bg7 5. O-O d6 6. d5 c6 7. c4 e5 8. dxe6
Bxe6 9. Qb3 Qe7 10. Ng5 Bg8 11. Bf4 d5 12. Nd2 h6 13. Ngf3 Ne4 14. Nxe4 fxe4
15. Nh4 Bf7 16. Rac1 d4 17. Qc2 Bf6 18. Bxe4 Bxh4 19. gxh4 Qxh4 20. Bg3 Qf6 21.
e3 dxe3 22. Rce1 Nd7 23. fxe3 Qe6 24. b3 O-O 25. Kh1 Rae8 26. Rf4 Nc5 27. Bg2
g5 28. Rd4 Bg6 29. e4 Qg4 30. b4 Ne6 31. Rd6 Nf4 32. Bxf4 gxf4 33. Rg1 Kh7 34.
Rxg6 Qxg6 35. Bf1 Qh5 36. e5+ Kh8 37. Qd3 Rg8 0-1

[Event "Bornholm WIM 2013"]
[Site "Ronne"]
[Date "2013.07.06"]
[Round "8"]
[White "Demidowicz, Maria"]
[Black "Gasik, Anna"]
[Result "1/2-1/2"]
[WhiteElo "2096"]
[BlackElo "2204"]
[PlyCount "87"]
[EventDate "2013.??.??"]

1. e4 c5 2. Nf3 e6 3. d4 cxd4 4. Nxd4 a6 5. c4 Qc7 6. Nc3 Nf6 7. Be3 Bb4 8. Bd3
Nc6 9. Nxc6 dxc6 10. O-O h5 11. h3 e5 12. Na4 Be6 13. c5 Rd8 14. Qe2 Qe7 15. a3
Ba5 16. b4 Bc7 17. Bg5 Rd4 18. Nb2 a5 19. Be3 Rd7 20. b5 h4 21. Rfd1 Nh5 22. b6
Bb8 23. Bc4 Nf4 24. Bxf4 exf4 25. Bxe6 Rxd1+ 26. Rxd1 fxe6 27. Nd3 O-O 28. f3
Rd8 29. Qc2 Qf6 30. Kh1 Kf7 31. Nf2 Rxd1+ 32. Qxd1 Ke7 33. Nd3 Qc3 34. e5 Bxe5
35. Nxe5 Qxe5 36. Qc2 Kf7 37. Qd2 Qxc5 38. Qxf4+ Kg6 39. Qc7 Qxa3 40. Qxb7 Qc1+
41. Kh2 Qf4+ 42. Kh1 Qc1+ 43. Kh2 Qf4+ 44. Kh1 1/2-1/2

[Event "Bornholm WIM 2013"]
[Site "Ronne"]
[Date "2013.07.06"]
[Round "8"]
[White "Guindy, Esmat"]
[Black "De Blecourt Dalsberg, Sandra"]
[Result "0-1"]
[WhiteElo "2051"]
[BlackElo "2078"]
[PlyCount "76"]
[EventDate "2013.??.??"]

1. d4 d5 2. c4 c6 3. Nc3 Nf6 4. Nf3 dxc4 5. a4 Bf5 6. e3 e6 7. Bxc4 Bb4 8. Bd2
O-O 9. O-O Nbd7 10. Nh4 Qe7 11. Qe1 Rfe8 12. f3 Nb6 13. Bb3 Bd3 14. Rf2 g5 15.
Na2 Bd6 16. e4 Nfd7 17. Qe3 Bc4 18. Bxc4 Nxc4 19. Qxg5+ Kh8 20. Bf4 Qxg5 21.
Bxg5 Rg8 22. b3 Na5 23. f4 f6 24. Bh6 Rg4 25. g3 Rag8 26. Kf1 Nxb3 27. Rb1 Na5
28. e5 Be7 29. Nf3 f5 30. Bg5 Bxg5 31. Nxg5 R8xg5 32. h3 Rxg3 33. fxg5 Rxh3 34.
Rb4 Kg7 35. d5 cxd5 36. Rb5 b6 37. Rc2 Nc4 38. a5 Ne3+ 0-1

[Event "Bornholm WIM 2013"]
[Site "Ronne"]
[Date "2013.07.06"]
[Round "8"]
[White "Krasenkova, Ilena"]
[Black "Toth, Lili"]
[Result "0-1"]
[WhiteElo "2115"]
[BlackElo "2161"]
[PlyCount "90"]
[EventDate "2013.??.??"]

1. d4 d5 2. c4 e6 3. Nf3 Nf6 4. g3 dxc4 5. Qa4+ c6 6. Qxc4 b5 7. Qc2 Bb7 8. Bg2
Nbd7 9. O-O c5 10. Bg5 Rc8 11. Qd3 c4 12. Qd1 Qb6 13. a3 h6 14. Bxf6 Nxf6 15.
Nc3 Be7 16. Qc2 O-O 17. e4 Rfd8 18. Rfd1 a5 19. d5 exd5 20. e5 Nh7 21. Nd4 b4
22. axb4 axb4 23. Na4 Qc7 24. e6 Bf6 25. Bh3 Bxd4 26. exf7+ Qxf7 27. Rxd4 Ng5
28. Bg2 Ne6 29. Rdd1 d4 30. Nb6 Bxg2 31. Kxg2 Qb7+ 32. Kg1 Qxb6 33. Qf5 Rf8 34.
Qg4 d3 35. Rf1 Ng5 36. h4 Nf3+ 37. Kg2 Nd2 38. Rfe1 Qxf2+ 39. Kh3 Qf5 40. Re7
Qxg4+ 41. Kxg4 Rf7 42. Re3 Nf1 43. Ree1 c3 44. bxc3 bxc3 45. Red1 Ne3+ 0-1

[Event "Bornholm WIM 2013"]
[Site "Ronne"]
[Date "2013.07.06"]
[Round "8"]
[White "Padurariu, Ioana Smaranda"]
[Black "Bhatia, Kanwal K"]
[Result "1/2-1/2"]
[WhiteElo "2208"]
[BlackElo "2034"]
[PlyCount "90"]
[EventDate "2013.??.??"]

1. e4 e5 2. Nf3 Nc6 3. Bb5 a6 4. Ba4 Nf6 5. O-O Be7 6. Re1 b5 7. Bb3 d6 8. c3
O-O 9. h3 Nb8 10. d4 Nbd7 11. Nbd2 Bb7 12. Bc2 Re8 13. Nf1 Bf8 14. Ng3 g6 15.
a4 c5 16. d5 c4 17. Nh2 Nc5 18. Qf3 Bg7 19. h4 h5 20. Bg5 Ncd7 21. Ngf1 Qc7 22.
g4 hxg4 23. Nxg4 Nxg4 24. Qxg4 Nf6 25. Qf3 Nh7 26. Be3 Qe7 27. h5 Qh4 28. hxg6
fxg6 29. Qg3 Qxg3+ 30. fxg3 Reb8 31. Kg2 Bc8 32. axb5 axb5 33. Nh2 Nf6 34. Reb1
Kf7 35. Bc1 Bd7 36. Be3 Ke7 37. Nf3 Ng4 38. Bg5+ Bf6 39. Bd2 Rh8 40. Nh4 Kf7
41. Bd1 Kg7 42. Nf3 Rhf8 43. Be2 Be7 44. Rf1 Rh8 45. Rfb1 Rhf8 1/2-1/2

[Event "Bornholm WIM 2013"]
[Site "Ronne"]
[Date "2013.07.06"]
[Round "8"]
[White "Wisniowska, Klaudia"]
[Black "Vovk, Oksana"]
[Result "0-1"]
[WhiteElo "2178"]
[BlackElo "2133"]
[PlyCount "70"]
[EventDate "2013.??.??"]

1. e4 e6 2. d4 d5 3. Nc3 Nf6 4. e5 Nfd7 5. f4 c5 6. Nf3 Nc6 7. Be3 cxd4 8. Nxd4
Bc5 9. Qd2 a6 10. O-O-O O-O 11. h4 Nxd4 12. Bxd4 b5 13. Rh3 b4 14. Ne2 a5 15.
h5 Qb6 16. g4 Ba6 17. Bxc5 Qxc5 18. Nd4 Bxf1 19. Rxf1 Qc4 20. Qd3 Qxa2 21. Qb5
Nc5 22. Nb3 Ne4 23. Nd2 Nxd2 24. Kxd2 Qxb2 25. Rb3 Qd4+ 26. Rd3 Qc4 27. Qa4 Qe4
28. Rf2 h6 29. Re3 Qd4+ 30. Ke2 Rfc8 31. g5 hxg5 32. fxg5 Qg4+ 33. Ref3 Qxh5
34. Ke1 Qxg5 35. Rxf7 Qc1+ 0-1

[Event "Bornholm WIM 2013"]
[Site "Ronne"]
[Date "2013.07.07"]
[Round "9"]
[White "Vovk, Oksana"]
[Black "Demidowicz, Maria"]
[Result "0-1"]
[WhiteElo "2133"]
[BlackElo "2096"]
[PlyCount "140"]
[EventDate "2013.??.??"]

1. d4 Nf6 2. c4 g6 3. g3 Bg7 4. Bg2 O-O 5. Nc3 d6 6. e4 c5 7. d5 e6 8. Nge2
exd5 9. exd5 Na6 10. O-O Bf5 11. h3 h5 12. a3 Re8 13. Bf4 Nc7 14. f3 b5 15. g4
Bc8 16. cxb5 Bb7 17. Bg5 Qd7 18. Nf4 Nh7 19. Bh4 g5 20. Bxg5 Nxg5 21. Nxh5 Bh8
22. Qd2 Nh7 23. a4 Bd4+ 24. Kh1 Nxd5 25. Nxd5 Bxd5 26. Rae1 Bc4 27. Rxe8+ Rxe8
28. Re1 Rxe1+ 29. Qxe1 Qe6 30. Qxe6 Bxe6 31. a5 c4 32. f4 d5 33. f5 Bd7 34. b6
axb6 35. axb6 Bxb6 36. Bxd5 Bb5 37. Ng3 Bd4 38. Ne4 Bxb2 39. Nd6 c3 40. Bxf7+
Kf8 41. Bb3 Bd3 42. Kg2 Ke7 43. Nc8+ Kf6 44. Nb6 c2 45. Bxc2 Bxc2 46. Nc4 Bd4
47. Nd2 Ng5 48. h4 Ne4 49. Nf3 Be3 50. Ne1 Bd1 51. Nf3 Nf2 52. Kg3 Ne4+ 53. Kg2
Nd2 54. Nh2 Bb3 55. Kg3 Bd5 56. Kh3 Bf4 57. g5+ Kxf5 58. Ng4 Bf3 59. Nh6+ Kg6
60. Ng4 Ne4 61. h5+ Kxg5 62. h6 Bxg4+ 63. Kg2 Kxh6 64. Kf1 Kh5 65. Kg2 Kh4 66.
Kf1 Kg3 67. Ke1 Bd2+ 68. Kf1 Nc3 69. Kg1 Bh3 70. Kh1 Bg2+ 0-1

[Event "Bornholm WIM 2013"]
[Site "Ronne"]
[Date "2013.07.07"]
[Round "9"]
[White "Bhatia, Kanwal K"]
[Black "Wisniowska, Klaudia"]
[Result "1-0"]
[WhiteElo "2034"]
[BlackElo "2178"]
[PlyCount "55"]
[EventDate "2013.??.??"]

1. e4 c5 2. c3 d5 3. exd5 Qxd5 4. d4 Nf6 5. Nf3 e6 6. Be3 cxd4 7. cxd4 Nc6 8.
Nc3 Qd6 9. a3 Be7 10. Bd3 O-O 11. O-O b6 12. Qe2 Bb7 13. Rad1 Rad8 14. Rfe1 g6
15. Bb1 Nd5 16. Ne4 Qb8 17. Bh6 Rfe8 18. Ba2 a6 19. h4 b5 20. h5 Nf4 21. Qe3
Nxh5 22. Neg5 Bxg5 23. Bxg5 Ne7 24. g4 Ng7 25. Bf6 Bd5 26. Bb1 e5 27. Qh6 Ne6
28. Ng5 1-0

[Event "Bornholm WIM 2013"]
[Site "Ronne"]
[Date "2013.07.07"]
[Round "9"]
[White "Toth, Lili"]
[Black "Padurariu, Ioana Smaranda"]
[Result "0-1"]
[WhiteElo "2161"]
[BlackElo "2208"]
[PlyCount "140"]
[EventDate "2013.??.??"]

1. d4 Nf6 2. c4 e6 3. Nc3 Bb4 4. Bg5 c5 5. d5 h6 6. Bh4 d6 7. a3 Bxc3+ 8. bxc3
Qe7 9. e3 O-O 10. Nf3 e5 11. Qc2 Nbd7 12. Be2 Re8 13. Nd2 Qf8 14. Bd3 Rb8 15.
a4 b6 16. O-O a6 17. Ne4 Nxe4 18. Bxe4 Kh8 19. f4 exf4 20. exf4 b5 21. axb5
axb5 22. cxb5 Rxb5 23. Rfb1 Rxb1+ 24. Rxb1 c4 25. Bf5 Nc5 26. Bxc8 Rxc8 27. Qf5
Ra8 28. h3 Kg8 29. Rb6 f6 30. Bf2 Nd3 31. Qe6+ Kh8 32. Bg3 Nc5 33. Qe2 f5 34.
Bh4 Ne4 35. Qxc4 Qf7 36. Qd4 Ra2 37. c4 Rd2 38. Qa1 Qg6 39. Qf1 Qh5 40. Be1 Rd1
41. Rb2 Rc1 42. g4 fxg4 43. Qe2 Qg6 44. hxg4 Nf6 45. g5 hxg5 46. Rb8+ Kh7 47.
Qh2+ Qh5 48. Qxh5+ Nxh5 49. Kf2 Nxf4 50. Bb4 Rxc4 51. Bxd6 Nxd5 52. Rb5 Nf6 53.
Kg2 Kg6 54. Rb7 Rc2+ 55. Kg1 Rc6 56. Bf8 Nh5 57. Rd7 Rc8 58. Be7 Rc6 59. Rd6+
Rxd6 60. Bxd6 Kf5 61. Kg2 Kg4 62. Bf8 g6 63. Be7 Nf4+ 64. Kh2 Nd5 65. Bd8 Kf4
66. Kg2 g4 67. Bh4 Ne3+ 68. Kh2 Kf3 69. Kg1 g3 70. Bg5 Ng4 0-1

[Event "Bornholm WIM 2013"]
[Site "Ronne"]
[Date "2013.07.07"]
[Round "9"]
[White "De Blecourt Dalsberg, Sandra"]
[Black "Krasenkova, Ilena"]
[Result "1-0"]
[WhiteElo "2078"]
[BlackElo "2115"]
[PlyCount "89"]
[EventDate "2013.??.??"]

1. d4 d6 2. e4 Nf6 3. Bd3 e5 4. d5 Be7 5. c4 Nbd7 6. Nc3 O-O 7. Nge2 a5 8. b3
Nc5 9. Bc2 Nh5 10. Be3 Na6 11. Rc1 Bg5 12. Qd2 h6 13. h4 Bxe3 14. Qxe3 Qf6 15.
Kd2 Nf4 16. Rcg1 Nxe2 17. Nxe2 Qe7 18. g4 a4 19. f3 axb3 20. axb3 Nb4 21. Bb1
Bd7 22. Ng3 Kh8 23. g5 b5 24. Nf5 Qd8 25. h5 bxc4 26. bxc4 Rg8 27. gxh6 g5 28.
h7 Kxh7 29. h6 Bxf5 30. exf5 f6 31. Rh5 Qe8 32. Rhxg5 fxg5 33. f6+ Kh8 34. h7
Rg6 35. Rxg5 Rxg5 36. Qxg5 Qf7 37. Bf5 Rf8 38. Be6 Qxh7 39. f7 Qd3+ 40. Ke1
Nc2+ 41. Kf2 Qd4+ 42. Kg2 Ne3+ 43. Kh3 Rxf7 44. Bxf7 Qf4 45. Qg8# 1-0

[Event "Bornholm WIM 2013"]
[Site "Ronne"]
[Date "2013.07.07"]
[Round "9"]
[White "Gasik, Anna"]
[Black "Guindy, Esmat"]
[Result "1/2-1/2"]
[WhiteElo "2204"]
[BlackElo "2051"]
[PlyCount "75"]
[EventDate "2013.??.??"]

1. e4 e6 2. d4 d5 3. Nd2 Nf6 4. e5 Nfd7 5. f4 c5 6. c3 Nc6 7. Ndf3 Qb6 8. g3 f6
9. Bh3 cxd4 10. cxd4 Bb4+ 11. Kf1 O-O 12. Bxe6+ Kh8 13. Kg2 fxe5 14. dxe5 Ndxe5
15. Bxd5 Ng4 16. Nh3 Ne7 17. Be4 Bf5 18. Nfg5 Rac8 19. Rf1 Rxc1 20. Qxc1 Bxe4+
21. Nxe4 Rc8 22. Qb1 Ne3+ 23. Kf3 Nxf1 24. Qxf1 Nf5 25. Nhg5 h6 26. Qh3 Qe3+
27. Kg2 Rc2+ 28. Kh1 Rc1+ 29. Rxc1 Qxc1+ 30. Kg2 Qxb2+ 31. Nf2 Be1 32. Qxf5
Qxf2+ 33. Kh3 hxg5 34. Qc8+ Kh7 35. Qf5+ Kg8 36. Qc8+ Kh7 37. Qf5+ Kg8 38. Qc8+
1/2-1/2